00360nam a2200145Ia 4500008004100000020001800041041000800059082001800067100002000085245004100105250000600146260004100152300001200193650000900205210716s2014 xx 000 0 und d a9788126544394 aeng a006.754 ABRC aAbram, Carolyn. aFacebook: for dummies.bFor dummies. a5 aNew DelhibWiley India Pvt Ltdc2014 axiv,317 aNone